02921nam a22003377a 4500003000400000005001700004008004100021020001400062040001700076041001200093100002600105245007200131246009600203260003400299362009600333520156900429653002801998653002202026653002102048653002302069653002502092653002002117653002902137653002502166653003202191653003402223856011402257942000802371952018902379999001502568OSt20251125121111.0250910b |||||||| |||| 00| 0 eng d a0017-8012 bEnglishctbs aEnglish aKotter, John P920621 aLeading Changeb: Why Transformation Efforts Failc/ John P. Kotter aHarvard Business Review. Jan2007, Vol. 85 Issue 1, p96-103. 8p. 2 Illustrations, 1 Diagram. bHarvard Business Reviewc2007 aHarvard Business Review. Jan2007, Vol. 85 Issue 1, p96-103. 8p. 2 Illustrations, 1 Diagram. aBusinesses hoping to survive over the long term must, at some point, remake themselves into stronger competitors. These efforts have been labelled in many ways—total quality management, reengineering, rightsizing, restructuring, cultural change, and turnarounds, to name a few. In nearly all cases, the objective has been to respond to a new and more demanding marketplace by altering how business is conducted. Some of these initiatives have been highly successful; some have been complete failures. Most fall somewhere in between, tending towards the lower end of the performance scale. John P. Kotter is renowned for his work on leading organisational change. At the time of the article’s original publication in 1995, he had just completed a ten-year study of more than 100 companies attempting major transformations. In this piece, he presents the results of his observations, outlining the eight most common errors that derail such efforts and explaining the broader lessons that support successful change. Failed transitions almost always falter in at least one of the following areas: generating a sense of urgency, establishing a powerful guiding coalition, developing a clear vision, communicating that vision frequently and effectively, removing obstacles, planning for and achieving short-term wins, avoiding premature declarations of victory, and embedding new approaches within the corporate culture. Kotter emphasises that recognising the typically lengthy nature of organisational change can significantly enhance the likelihood of success. aOrganizational behavior aGuiding coalition aSense of urgency aVision development aChange communication aShort-term wins aCorporate culture change aLeadership in change aTransformational leadership aOrganisational transformation uhttps://bibliotheque.tbs-education.fr/Default/doc/bth/23363656/leading-change-why-transformation-efforts-fail 2lcc 00102lcc4070aTBSbTBSd2025-11-25l0r2025-11-25uhttps://bibliotheque.tbs-education.fr/Default/doc/bth/23363656/leading-change-why-transformation-efforts-failw2025-11-25yARTICLE c5201d5201